000 01714nam a22004217a 4500
003 CHAP
005 20220329143354.0
008 090119s2008 mx a r 00010 spa d
010 _a95664
011 _a96636
035 _a107292
040 _cCHAP
090 _aTesis
100 1 _aGarcía Soria, Juan Manuel.
_946657
245 1 0 _aEvaluación financiera de la construcción de la planta de almacenamiento, envasado y distribución de granos básicos en el Valle de México
_c/por Juan Manuel García Soria
260 _aChapingo, Méx. :
_bEl autor,
_c2008
300 _axii, 151 h. :
_bcuadros, gráfs.
502 _aTesis (Lic. en Comercio Internacional de Productos Agropecuarios) -- UACH. División de Ciencias Económico Administrativas
530 _aTambién disponible en línea
590 _aALEPH
_b10
_c20130110
_lUCH01
_h1525
590 _aBATCH-UPD
_b10
_c20130110
_lUCH01
_h0521
590 _aBATCH-UPD
_b10
_c20130410
_lUCH01
_h0200
590 _aBATCH-UPD
_b10
_c20130914
_lUCH01
_h0915
590 _aBATCH-UPD
_b10
_c20140324
_lUCH01
_h1508
590 _aBATCH-UPD
_b10
_c20141002
_lUCH01
_h0837
590 _aCONVERSION
_b10
_c20130109
_lUCH01
_h1353
650 1 4 _aCereales
_xAlmacenamiento.
_921373
650 1 4 _aEnvases.
_937170
650 1 4 _aFinanzas
_xEvaluación.
_940940
650 1 4 _aMaíz
_zMéxico (Edo.).
_971099
650 1 4 _aProyectos
_xFinanciamiento.
_992526
650 1 4 _aSilos
_xDiseños y planos.
_9105966
856 _3Finding aid
_uhttp://10.13.5.2/tesis/107292.pdf
_zTeclea aqui
901 _aBK
942 _cFOLL
949 _atesis
_bBC
_cTES
_d33724002080389
_eTS1
_gDonaciØn
_h48479
_i107292
_sb
949 _aTesis
_bBC
_cTES
_d33724002080421
_eTS2
_fc.2
_gDonaciØn
_h48480
_i107292
_sb
999 _c95664
_d95664